000 00280nam a22001337a 4500
008 170216b xxu||||| |||| 00| 0 eng d
020 _a9780781741187
041 _aeng
080 _23ed
_a615
100 _a5
101 _ashf
245 _aPHARMACOLOGY
_cHARVEY
942 _2udc
_cBK
999 _c5741
_d5741